00601nam a2200169Ia 4500008004100000020001800041082002000059100003500079245006800114260002700182300001100209440001500220500002700235650004200262952011000304999001700414120622s9999 xx 000 0 und d a970-10-1486-3 a342.72029 G245d aGarza García, César Carlos aDerecho constitucional mexicano / César Carlos Garza García aMéxico : McGraw-Hill a406 p. aJurídica aIncluye bibliografía a1. MEXICO - DERECHO CONSTITUCIONALÌ 00104070a01b01d2007-01-25l21m1o342.72029 G245Dp01 007699r2018-08-16s2018-08-16w2012-06-24yLB c54764d54764